000 00767nmm a2200229Ia 4500
008 251105s9999||||xx |||||||||||||||||und||
020 _a8497880323
041 _aspa
100 _aCardús i Ros, Salvador (coord.)
245 0 _aLa mirada del sociólogo :
_b Qué es, qué hace, qué dice la sociología
264 _a[Madrid, España] :
_bUniversitat Oberta de Catalunya,
_c2004
300 _a228 páginas
650 _aSociology
700 _aCardús i Ros, Salvador (coord.)
700 1 _a Estradé i Saltó, Antoni
700 1 _a Estruch i Gubert, Joan
700 1 _a Fernández Mostaza, Esther
700 1 _a Marínez Sanmartí, Roger
700 1 _a Núñez Mosteo, Francesc
856 _uhttps://public.digitaliapublishing.com/a/974
942 _cCF
999 _c63556
_d63556